| 000 | 00431nam a22001577a 4500 | ||
|---|---|---|---|
| 008 | 230510b |||||||| |||| 00| 0 eng d | ||
| 040 |
_aNational Science Library _cNational Science Library |
||
| 080 |
_a808.3 _bM0.1 |
||
| 100 |
_aChakraborty, Ashit _98597 |
||
| 245 | _aUkrainian | ||
| 260 |
_aNew Delhi: _bChhaya Chakraborty, _c1980 |
||
| 300 | _a120p. | ||
| 365 |
_b25.00 _cINR |
||
| 650 | _aLinguistics | ||
| 942 |
_2udc _cREF |
||
| 999 |
_c28585 _d28585 |
||